Biotechnology (Registro nro. 8215)

Detalles MARC
000 -CABECERA
Campo de control 01182nam a22002417a 4500
005 - FECHA Y HORA DE LA ULTIMA TRANSACCION
Campo de control 20140304113447.0
008 - ELEMENTOS DE LONGITUD FIJA—INFORMACION GENERAL
Campo de control 140304t2007 sz d gr|||| 00| 0 eng d
020 ## - ISBN
ISBN 9782839902816
041 ## - IDIOMA
Código de idioma para texto/pista de sonido o título separado Inglés
044 ## - PAÍS DE PUBLICACIÓN
País de publicación Suiza
082 ## - NUMERO DE CLASIFICACION DECIMAL DEWEY
Número de clasificación 333.72
Número del ítem I17b
110 2# - ASIENTO PRINCIPAL--NOMBRE CORPORATIVO
Nombre corporativo o de jurisdicción como elemento de entrada International Centre for Trade and Sustainable Development
242 10 - TRADUCCION DEL TITULO POR LA AGENCIA CATALOGADORA
Título Biotecnología
Parte restante del título Perspectivas en el Desarrollo Sostenible y Política de Comercio en África del Este
Mención de responsabilidad International Centre for Trade and Sustainable Development
Código de idioma del título traducido spa
245 10 - MENCION DE TITULO
Título Biotechnology
Parte restante del título Eastern African Perspectives on Sustainable Development and Trade policy
Mención de responsabilidad International Centre for Trade and Sustainable Development
260 ## - PUBLICACION, DISTRIBUCION, ETC. (PIE DE IMPRENTA)
Lugar de publicación, distribución, etc. Geneva
Nombre del editor, distribuidor, etc. International Centre for Trade and Sustainable Development
Fecha de publicación, distribución, etc. 2007
300 ## - DESCRIPCION FISICA
Extensión 106 p.
Otros detalles físicos tablas
Dimensiones 25 cm
504 ## - NOTA DE BIBLIOGRAFIA, ETC.
Nota de bibliografía Incluye bibliografía al final de cada capitulo
650 #4 - ASIENTO SECUNDARIO DE MATERIA - TERMINO TEMATICO
Término temático o nombre geográfico como elemento de entrada Biotecnología agricultural
Subdivisión general Política gubernamental
Subdivisión geográfica África del Este
650 #4 - ASIENTO SECUNDARIO DE MATERIA - TERMINO TEMATICO
Término temático o nombre geográfico como elemento de entrada Biotecnología
Subdivisión general Política gubernamental
Subdivisión geográfica África del Este
650 #4 - ASIENTO SECUNDARIO DE MATERIA - TERMINO TEMATICO
Término temático o nombre geográfico como elemento de entrada Desarrollo sostenible
Subdivisión geográfica África del Este
650 #4 - ASIENTO SECUNDARIO DE MATERIA - TERMINO TEMATICO
Término temático o nombre geográfico como elemento de entrada Política comercial
Subdivisión geográfica África del Este
942 ## - ELEMENTOS ADICIONALES (KOHA)
Sistema de clasificación Dewey Decimal Classification
Tipo de ítem Impreso
Existencias
Withdrawn status Lost status Sistema de Clasificación Damaged status No para préstamo Colección Inventariado Ubicación Permanente Ubicación actual Fecha de adquisición Fuente de Valor Valor Total Checkouts Número topográfico Inventario / Código de Barras Date last seen Ejemplar Price effective from Forma de adquisición Tipo de material
    Dewey Decimal Classification     General Inventariado 2017 Bogotá Bogotá 04/03/2014 Instituto 39000.00   LB-333.72 I17b 034023 04/03/2014 Ej. 1 04/03/2014   Libro